01025nam a2200313 4500003001100000008004100011020001500052040003900067041000800106082001700114111006900131245002500200260002800225300002000253650002300273650004500296700004100341700002400382700002700406700002300433700002400456700002800480700003500508700002500543710002900568942000700597952009200604999001500696LK-CoMWRAF231120b1980 |||||||| |||| 00| 0 eng d a9231018515 aLK-CoMWRAFdLK-CoMWRAFeLK-CoMWRAF aeng a327.172bCON aSYMPOSIUM ON 'CONSENSUS'c(Oslo d31st March- 2nd April 2, 1980) aConsensus and peace  aParis: bUnesco, c1980 a231 p. ; 21 cm. aPEACE-Congresses.  aConsensus (Social sciences)--Congresses. a Kiflé Sélassié, Beseat eed. a Amadeo, Marioeed. aAntoine, Géraldeed. aDaker, Rachideed. aEide, Asbjørneed. aJavorski, Mihajlo eed. aRuiz-Giménez, Joaquíneed. aWade, Abdoulayeeed. aUnesco, Director General cCP 00104070aMAINbMAINd2023-11-20l0o327.172 CONpRAF3108r2023-11-20w2023-11-20yCP c4187d4187